Black Hammer Volume 4: Age of Doom Part Two /

The Eisner Award-winning superhero saga continues with this two-part mystery that will change the world forever! After learning how they got trapped on the farmworld, our heroes find themselves with everything they thought they wanted. Yet not everything is right just yet and it takes the strong re...

Full description

Bibliographic Details
Corporate Author: Library Pass, LLC
Other Authors: Lemire, Jeff (writer.)
Format: eBook
Language:English
Published: [United States] : Dark Horse, 2020.
Subjects:
Online Access:Connect to this electronic book (First time users create your free account)

MARC

Tag First Indicator Second Indicator Subfields
LEADER 00000nmm a22000001a 4500
001 in00004625613
006 m|||||o||m||||||||
007 cr|cn |||uuuuu
008 221118s2020 xxu||||eo|||| ||||||eng d
005 20221207221250.2
035 |a (TxWaIVM)IV77375DaBl 
040 |a TxWaIVM  |c TxWaIVM 
245 0 0 |a Black Hammer Volume 4: Age of Doom Part Two /  |c powered by Library Pass. 
260 3 |a [United States] :  |b Dark Horse,  |c 2020. 
300 |a 1 online resource. 
336 |a text  |b txt  |2 rdacontent 
337 |a computer  |b c  |2 rdamedia 
338 |a online resource  |b cr  |2 rdacarrier 
520 |a The Eisner Award-winning superhero saga continues with this two-part mystery that will change the world forever! After learning how they got trapped on the farmworld, our heroes find themselves with everything they thought they wanted. Yet not everything is right just yet and it takes the strong resolve of the new Black Hammer to get the team back together, as shocking revelations change their world at every turn! Collects Black Hammer: Age of Doom #6-12 from the Eisner Award winning team of Jeff Lemire and Dean Ormston, with a special guest artist appearance from superstar creator Rich Tommaso! 
521 |a 4 
538 |a Requires a valid library card and registration for new users. 
538 |a Mode of access: World Wide Web. 
538 |a System requirements: Flash 10.1 or higher, Windows XP and higher, Internet Explorer 7 and higher, Firefox 3.6 and higher, Google Chrome; Max OS 10.5 and higher, Safari 4 and higher. 
650 0 |a Comic books, strips, etc. 
655 7 |a Electronic books.  |2 local 
655 7 |a Comic books, strips, etc.  |2 gsafd 
650 0 |a Suspense comic books, strips, etc. 
655 7 |a Suspense comic books, strips, etc.  |2 gsafd 
650 0 |a Science fiction comic books, strips, etc. 
655 7 |a Science fiction comic books, strips, etc.  |2 gsafd 
650 0 |a Comic books, strips, etc. --Superheroes 
655 7 |a Comic books, strips, etc. --Superheroes  |2 gsafd 
700 1 |a Lemire, Jeff.  |e writer. 
700 1 |a Stewart, Dave.  |e artist. 
700 1 |a Ormston, Dean.  |e artist. 
710 2 |a Library Pass, LLC. 
856 4 0 |u http://proxy.library.tamu.edu/login?url=https://tamu.librarypass.com/product/com.iversecomics.dark.horse.black.hammer.volume.4.age.of.doom.part.two.english.02182020  |z Connect to this electronic book (First time users create your free account)  |t 0 
955 |a Comics Plus. 
999 f f |s 1422427c-8c84-4622-99a8-a4b8cee6c5cb  |i 400767fb-3b97-40a1-85d6-58521d9e4128  |t 0 
952 f f |a Texas A&M University  |b College Station  |c Electronic Resources  |d Available Online  |t 0  |h Library of Congress classification 
998 f f |t 0  |l Available Online